| 000 | 00902nam a22002657i 4500 | ||
|---|---|---|---|
| 003 | DO-SdBNP | ||
| 005 | 20260321073644.0 | ||
| 007 | ta | ||
| 008 | 220421b1982 dr ||||| |||| 00| 0 spa d | ||
| 040 |
_aDO-SdBNP _bspa _cBNPHU _erda |
||
| 082 | 4 |
_a923.15694 _bD249B 1982 _222 |
|
| 100 | 1 | 4 |
_a Bosch, Juan, _d1909-2001 _eautor _4aut. _976555 |
| 245 | 1 | 0 |
_aDavid : _bbiografía de un rey / _cJuan Bosch. |
| 250 | _aCuarta edición dominicana | ||
| 264 |
_aSanto Domingo : _bEditora Alfa y Omega, _c1982. |
||
| 300 |
_a326 páginas : _bilustraciones, mapas ; _c22 cm. |
||
| 336 |
_atexto _btxt _2rdacontent |
||
| 337 |
_asin mediación _bn _2rdamedia |
||
| 338 |
_avolumen _bnc _2rdacarrier |
||
| 590 | _aInventariado, 2020/VM | ||
| 600 | 1 | 4 |
_aDavid, _cRey de Israel _9533 |
| 650 | 4 |
_aDavid _xReyes y soberanos _vBiografías _977237 |
|
| 910 | _aVMateo / Validado. Control de calidad MFF | ||
| 942 |
_2ddc _cLBS1 |
||
| 999 |
_c51556 _d51556 |
||